| 000 | 00628nam a2200133Ia 4500 | ||
|---|---|---|---|
| 008 | 100328s9999 xx 000 0 und d | ||
| 082 | _b23930 | ||
| 100 | _aजोशी वेणीमाधवशास्त्री-संपा./ जोशी नारायण हरी | ||
| 245 | _aआयुर्वेदिय शब्दकोश | ||
| 260 | _bमहाराष्ट्र राज्य साहित्य आणि संस्कृति मंडळ | ||
| 630 | _aआयुर्वेदिय शब्दकोश | ||
| 730 | _aआयुर्वेदिय शब्दकोश | ||
| 942 | _cBOOK | ||
| 999 |
_c517466 _d517463 |
||